书目信息 |
| 题名: |
学校心理测量学
|
|
| 作者: | 顾海根 | |
| 分册: | ||
| 出版信息: | 南宁 广西教育 1999 |
|
| 页数: | 327页 | |
| 开本: | 20cm | |
| 丛书名: | 学校心理辅导系列教材 | |
| 单 册: | ||
| 中图分类: | B849:G449 | |
| 科图分类: | ||
| 主题词: | 应用心理学 | |
| 电子资源: | ||
| ISBN: | 7-5435-2781-2 | |
| 000 | 00586nam0 2200205 450 | |
| 001 | 0753865015 | |
| 005 | 20070818145745.01 | |
| 010 | @a7-5435-2781-2@d¥15.00 | |
| 100 | @a20070818d km y0chiy0120 ea | |
| 101 | 0 | @achi |
| 200 | 1 | @a学校心理测量学@Axue xiao xin li ce liang xue@f顾海根@Fgu hai gen |
| 210 | @a南宁@c广西教育@d1999 | |
| 215 | @a327页@d20cm | |
| 225 | 2 | @a学校心理辅导系列教材 |
| 410 | 0 | @12001 @a学校心理辅导系列教材 |
| 606 | 0 | @a应用心理学 |
| 690 | @aB849:G449@v3 | |
| 701 | 0 | @a顾海根@Agu hai gen |
| 801 | 0 | @aCN@bPFT@c20070818 |
| 905 | @a213230@dB849:G449@ee488@f1 | |
| 学校心理测量学/顾海根.-南宁:广西教育,1999 |
| 327页;20cm.-(学校心理辅导系列教材) |
| ISBN 7-5435-2781-2:¥15.00 |
| ● |
| 相关链接 |
|
|
|
|
正题名:学校心理测量学
索取号:B849:G449/e488
 
预约/预借
| 序号 | 登录号 | 条形码 | 馆藏地/架位号 | 状态 | 备注 |
| 1 | 6300672 | 263006721 | 教育系资料室/ [索取号:B849:G449/e488] | 在馆 | |
| 2 | 6300672 | 263036146 | 教育系资料室/ [索取号:B849:G449/e488] | 在馆 |